Holidays by Object Quiz Stats

Quiz Updated Feb 15, 2016

Also try: Holiday Characters
Challenge
Share
Tweet
Score 0/15 Timer 03:00
5 Plays Today
% Correct
Halloween (Jack-o-Lantern)
99.5%
Christmas (Christmas Tree)
97.4%
Easter (Decorated Eggs)
96%
St. Patrick's Day (Shamrock)
95.8%
Valentine's Day (Candy Hearts)
93.9%
Thanksgiving (Turkey)
91.3%
Birthday (Birthday Cake)
88.6%
Pi Day (π Pie)
77%
% Correct
Hanukkah (Dreidel)
76.3%
Day of the Dead (Calacas Mask)
71.9%
Chinese New Year (Red Envelopes)
68.4%
Guy Fawkes Night (Guy Effigy)
41.1%
Kwanzaa (Kinara)
41%
Remembrance Day (Poppy)
32.2%
Holi (Colored Powders)
16.7%

You're not logged in!

Compare scores with friends on all Sporcle quizzes.
Sign Up with Email
OR
Log In

You Might Also Like...

Show Comments

Extras

Top Quizzes Today


Score Distribution

Your Account Isn't Verified!

In order to create a playlist on Sporcle, you need to verify the email address you used during registration. Go to your Sporcle Settings to finish the process.